000 01402 a2200205 4500
001 53832
005 20260407155809.0
008 260407a1971 arg spa d
003 AR-UNSa-BCEJYS
040 _aAR-UNSa-BCEJYS
_bspa
_cAR-UNSa-BCEJYS
080 _a338
_xSituación económica. Política económica. Gestión de la economía. Planificación de la economía. Producción. Servicios. Precios
245 1 0 _aTeoría general de la programación
_p(decisiones optimas)
264 1 _aBarcelona :
_bAriel
_c1971
300 _a410 p.
_c19 cm.
505 _aI. Los diferentes tipos de modelo de programación - II. Principios generales de la teoría de la programación - III. Programación marginal - IV. La programación lineal - V. El análisis de actividades - VI. La programación en caso de multiplicidad de objetivos - VII. La programación en casos de incertidumbre - VIII. Programación dinámica de compras y existencias en condiciones de seguridad - IX. La programación dinámica de compras y existencias en condiciones de incertidumbre - X. Programación dinámica de la producción en condiciones de certidumbre - XI. Programación dinámica de la producción en condiciones de incertidumbre - XII. La programación en condiciones de incertidumbre absoluta
942 _cBK
590 _aniveau_biblio:m niveau_hierar:0
100 1 _aLange, Oskar
700 1 _aBustamante Ortiz, Meliton
999 _c5256
_d5256